Piel de asno y otros cuentos / (Registro nro. 3316)
[ vista simple ]
| 000 -LEADER | |
|---|---|
| fixed length control field | 01000nam a2200253Ia 4500 |
| 003 - CONTROL NUMBER IDENTIFIER | |
| control field | OSt |
| 005 - DATE AND TIME OF LATEST TRANSACTION | |
| control field | 20250808123005.0 |
| 008 - FIXED-LENGTH DATA ELEMENTS--GENERAL INFORMATION | |
| fixed length control field | 191128s9999 xx gr 000 j spa d |
| 020 ## - INTERNATIONAL STANDARD BOOK NUMBER | |
| International Standard Book Number | 9789588997391 |
| 040 ## - CATALOGING SOURCE | |
| Original cataloging agency | CO-JMCR |
| Transcribing agency | CO-JMCR |
| 041 ## - LANGUAGE CODE | |
| Language code of text/sound track or separate title | spa |
| 082 04 - DEWEY DECIMAL CLASSIFICATION NUMBER | |
| Classification number | C |
| Item number | PERp |
| 100 1# - MAIN ENTRY--PERSONAL NAME | |
| Personal name | Perrault, Charles, |
| Dates associated with a name | 1628-1703 |
| Relator term | autor |
| 9 (RLIN) | 4493 |
| 245 #0 - TITLE STATEMENT | |
| Title | Piel de asno y otros cuentos / |
| Statement of responsibility, etc. | Charles Perrault ; traductor Mateo Cardona Vallejo; ilustradora Eva Giraldo. |
| 250 ## - EDITION STATEMENT | |
| Edition statement | Primera edición |
| 260 ## - PUBLICATION, DISTRIBUTION, ETC. | |
| Place of publication, distribution, etc. | Bogota : |
| Name of publisher, distributor, etc. | Alcaldía Mayor de Bogotá ; Instituto Distrital de las Artes, |
| Date of publication, distribution, etc. | ©2017 |
| 300 ## - PHYSICAL DESCRIPTION | |
| Extent | 111 páginas ; |
| Dimensions | 17 cm. |
| 490 0# - SERIES STATEMENT | |
| Series statement | Libro al viento |
| 505 ## - FORMATTED CONTENTS NOTE | |
| Formatted contents note | Perraut, salvado del olvido -- Año Colombia-Francia 2017 -- Piel de asno -- Cenicienta -- Pulgarcito -- La bella durmiente del bosque -- Las hadas -- Riquet, el del copete |
| 650 14 - SUBJECT ADDED ENTRY--TOPICAL TERM | |
| Topical term or geographic name entry element | Cuentos |
| 9 (RLIN) | 4494 |
| 700 ## - ADDED ENTRY--PERSONAL NAME | |
| Personal name | Cardona Valejo, Mateo, |
| Relator term | traductor |
| 9 (RLIN) | 4495 |
| 700 ## - ADDED ENTRY--PERSONAL NAME | |
| Personal name | Giraldo, Eva, |
| Relator term | ilustradora |
| 9 (RLIN) | 845 |
| 942 ## - ADDED ENTRY ELEMENTS (KOHA) | |
| Source of classification or shelving scheme | Dewey Decimal Classification |
| Koha item type | Books |
| Withdrawn status | Lost status | Source of classification or shelving scheme | Damaged status | Not for loan | Home library | Current library | Date acquired | Source of acquisition | Cost, normal purchase price | Total Checkouts | Full call number | Barcode | Date last seen | Date last checked out | Copy number | Koha item type |
|---|---|---|---|---|---|---|---|---|---|---|---|---|---|---|---|---|
| Dewey Decimal Classification | Biblioteca Pública José María del Castillo y Rada | Biblioteca Pública José María del Castillo y Rada | 11/28/2019 | Donación | 0.00 | 2 | C PERp | 201801211 | 02/20/2024 | 02/20/2024 | Ej.1 | Books |